Statistics for Rainbow Quiz

Click here to take the quiz!

General Stats

  • This quiz has been taken 10 times
  • The average score is 3 of 10

Answer Stats

Question Answer % Correct
4,800 mile long river of China?Yellow river
90%
Chemical used in Vietnam War?Agent Orange
60%
1971 film by Stanley KubrickClockwork Orange
50%
1983 UK hit for UB40?Red Red Wine
40%
1999 film of Tom Hanks?Green Mile
30%
Chess playing computer developed by IBM?Deep Blue
30%
Racehorse 3 time winner of Grand National?Red Rum
20%
French army uniform colour during French Revolution?Indigo
10%
US rock band fronted by Billy Joe Armstrong?Green Day
10%
Investigatory tool for finding body fluids?Ultra Violet
0%

Score Distribution

Percentile by Number Answered

Percent of People with Each Score

Your Score History

You have not taken this quiz